Vístete para triunfar (Record no. 107040)
[ view plain ]
| 000 -LEADER | |
|---|---|
| campo de control de longitud fija | 01694nac a2200265 a 4500 |
| 003 - IDENTIFICADOR DE NÚMERO DE CONTROL | |
| campo de control | CO-PeBPM |
| 005 - FECHA Y HORA DE LA ÚLTIMA TRANSACCIÓN | |
| campo de control | 20251219104424.0 |
| 008 - DATOS DE LONGITUD FIJA--INFORMACIÓN GENERAL | |
| campo de control de longitud fija | 251219s2010 ck a|||| |||| 00| 0 spa d |
| 020 ## - NÚMERO INTERNACIONAL ESTÁNDAR DEL LIBRO | |
| Número Internacional Estándar del Libro | 9789587151169 |
| 040 ## - FUENTE DE CATALOGACIÓN | |
| Centro catalogador/agencia de origen | CO-PeBPM |
| Lengua de catalogación | spa |
| Centro/agencia transcriptor | CO-PeBPM |
| Normas de descripción | rda |
| 041 ## - CÓDIGO DE IDIOMA | |
| Código de lengua del texto/banda sonora o título independiente | spa |
| 082 04 - NÚMERO DE LA CLASIFICACIÓN DECIMAL DEWEY | |
| Número de clasificación | 158.1 M828v |
| Número de edición | 22 |
| 100 1# - ENTRADA PRINCIPAL--NOMBRE DE PERSONA | |
| Nombre de persona | Morales, Hada María |
| Término indicativo de función/relación | autora |
| 245 10 - MENCIÓN DEL TÍTULO | |
| Título | Vístete para triunfar |
| Mención de responsabilidad, etc. | / Hada María Morales |
| 250 ## - MENCION DE EDICION | |
| Mención de edición | Primera edición |
| 260 ## - PUBLICACIÓN, DISTRIBUCIÓN, ETC. | |
| Lugar de publicación, distribución, etc. | Bogotá, Colombia |
| Nombre del editor, distribuidor, etc. | : San Pablo |
| Fecha de publicación, distribución, etc. | , 2010 |
| 300 ## - DESCRIPCIÓN FÍSICA | |
| Extensión | 172 páginas |
| Otras características físicas | ilustraciones en blanco y negro |
| Dimensiones | 18 centimetros |
| 490 ## - MENCIÓN DE SERIE | |
| Mención de serie | Colección Superación |
| 500 ## - NOTA GENERAL | |
| Nota general | Incluye índice al final del texto |
| 520 ## - RESUMEN, ETC. | |
| Sumario, etc. | El mercado de trabajo es muy dinámico y muchas personas no logran encontrar empleos por falta de preparación, no solo en el área académica sino porque no comprenden lo que el empleador piensa o desea. Vístete para triunfar se enfoca en pasos sencillos que usted puede seguir y así aprovecharse de estas ventanas de oportunidad. La autora Hada María comparte tres elementos de profesionalismo: la actitud, la apariencia y la preparación para luego explicar que la clave es combinarlas y usarlas sabiamente. No hay uno de esos elementos que sea superior al otro; cada uno de ellos necesita el apoyo de los otros para poder conseguir el resultado deseado. Este libro expresa los temas fascinantes y casi incontables del proceso de una búsqueda de trabajo, el «arte» de una entrevista, de trabajo exitosa y de aprender a pensar como un empleador. |
| 650 14 - PUNTO DE ACCESO ADICIONAL DE MATERIA--TÉRMINO DE MATERIA | |
| Término de materia o nombre geográfico como elemento de entrada | Éxito |
| Fuente del encabezamiento o término | LEMB |
| 650 14 - PUNTO DE ACCESO ADICIONAL DE MATERIA--TÉRMINO DE MATERIA | |
| Término de materia o nombre geográfico como elemento de entrada | Superación |
| Fuente del encabezamiento o término | LEMB |
| 942 ## - ELEMENTOS DE ENTRADA SECUNDARIOS (KOHA) | |
| Fuente del sistema de clasificación o colocación | Clasificación Decimal Dewey |
| Tipo de ítem Koha | Libros |
| Suprimir en OPAC | No |
No items available.